000 00818nam a22002297a 4500
999 _c7271
_d7271
001 7271
003 BD-JhCC
005 20180207120632.0
008 171118s2004 bg |||| |||a 000 0 ben d
020 _a9844653746
035 _a(BD-JhCC)7271
040 _aBD-JhCC
_dBD-JhCC
041 _aben
082 _a891.4435
_bHAQ 2004
100 _aহক, আবু মোহাম্মদ মোজাম্মেল
245 _aযাঁদের অন্তর্লোকে একাত্তর জ্বলছে /
_cআবু মোহাম্মদ মোজাম্মেল হক
260 _aঢাকা :
_bসাহিত্য প্রকাশন,
_c2004..
300 _a৬২ পৃ. :
_c২২ সেমি.
650 _aHistorical Stories
942 _2ddc
_cBK